000 01315nam a2200337Ia 4500
001 ebr10634106
003 CaPaEBR
006 m u
007 cr cn|||||||||
008 110418r20122011enk sb 000 0 eng d
010 _z 2011281363
020 _z9780718840815 (ebook)
020 _z9780718892586
040 _aCaPaEBR
_cCaPaEBR
035 _a(OCoLC)847592074
050 1 4 _aBV4012.2
_b.C649 2012eb
100 1 _aCooper, Terry D.
245 1 0 _aGrace for the injured self
_h[electronic resource] :
_bthe healing approach of Heinz Kohut /
_cTerry D. Cooper and Robert L. Randall.
260 _aCambridge, U.K. :
_bLutterworth Press,
_c2012, c2011.
300 _axiv, 164 p.
504 _aIncludes bibliographical references.
533 _aElectronic reproduction.
_bPalo Alto, Calif. :
_cebrary,
_d2013.
_nAvailable via World Wide Web.
_nAccess may be limited to ebrary affiliated libraries.
600 1 0 _aKohut, Heinz.
650 0 _aPastoral counseling.
650 0 _aEmpathy
_xReligious aspects
_xChristianity.
650 0 _aPastoral care.
655 7 _aElectronic books.
_2local
700 1 _aRandall, Robert L.,
_d1942-
710 2 _aebrary, Inc.
856 4 0 _uhttp://site.ebrary.com/lib/rucke/Doc?id=10634106
_zAn electronic book accessible through the World Wide Web; click to view
999 _c157241
_d157241